Otis and the puppy
সংরক্ষণ করুন:
| প্রধান লেখক: | |
|---|---|
| বিন্যাস: | গ্রন্থ |
| ভাষা: | Undetermined |
| প্রকাশিত: |
New York
Philomel Books
2013
|
| বিষয়গুলি: | |
| ট্যাগগুলো: |
ট্যাগ যুক্ত করুন
কোনো ট্যাগ নেই, প্রথমজন হিসাবে ট্যাগ করুন!
|
| Thư viện lưu trữ: | Trung tâm Học liệu Trường Đại học Cần Thơ |
|---|
| LEADER | 00457nam a2200181Ia 4500 | ||
|---|---|---|---|
| 001 | CTU_237630 | ||
| 008 | 210402s9999 xx 000 0 und d | ||
| 082 | |a 813.6 | ||
| 082 | |b L848 | ||
| 100 | |a Long, Loren | ||
| 245 | 0 | |a Otis and the puppy | |
| 245 | 0 | |c Loren Long | |
| 260 | |a New York | ||
| 260 | |b Philomel Books | ||
| 260 | |c 2013 | ||
| 650 | |a Tình bạn,Friendship | ||
| 910 | |b nthai | ||
| 980 | |a Trung tâm Học liệu Trường Đại học Cần Thơ | ||